Huseyn Shaheed Suhrawardy : (Record no. 69986)

000 -LEADER
fixed length control field 01139cam a2200313 a 4500
001 - CONTROL NUMBER
control field 3920382
003 - CONTROL NUMBER IDENTIFIER
control field NUST - PNEC
005 - DATE AND TIME OF LATEST TRANSACTION
control field 20170116181131.0
008 - FIXED-LENGTH DATA ELEMENTS--GENERAL INFORMATION
fixed length control field 910927s1991 pk a 001 0beng
010 ## - LIBRARY OF CONGRESS CONTROL NUMBER
LC control number 91930760
020 ## - INTERNATIONAL STANDARD BOOK NUMBER
International Standard Book Number 0195774140 :
Terms of availability Rs250.00
040 ## - CATALOGING SOURCE
Original cataloging agency DLC
Transcribing agency LIBRARY
Modifying agency DLC
043 ## - GEOGRAPHIC AREA CODE
Geographic area code a-pk---
050 00 - LIBRARY OF CONGRESS CALL NUMBER
Classification number DS385.S8
Item number I4 1991
082 00 - DEWEY DECIMAL CLASSIFICATION NUMBER
Classification number 954.9104092 IKR
-- B
Edition number 20
100 1# - MAIN ENTRY--PERSONAL NAME
Personal name Ikramullah, Shaista Suhrawardy,
Dates associated with a name 1915-2000.
245 10 - TITLE STATEMENT
Title Huseyn Shaheed Suhrawardy :
Remainder of title a biography /
Statement of responsibility, etc. Shaista Suhrawardy Ikramullah.
250 ## - EDITION STATEMENT
Edition statement 1st ed.
260 ## - PUBLICATION, DISTRIBUTION, ETC.
Place of publication, distribution, etc. Karachi ;
-- New York :
Name of publisher, distributor, etc. Oxford University Press,
Date of publication, distribution, etc. 1991.
300 ## - PHYSICAL DESCRIPTION
Extent xvi, 187 p. :
Other physical details ill. ;
Dimensions 23 cm.
500 ## - GENERAL NOTE
General note Includes index.
600 10 - SUBJECT ADDED ENTRY--PERSONAL NAME
Personal name Suhrawardy, Huseyn Shaheed,
Dates associated with a name 1892-1963.
650 #0 - SUBJECT ADDED ENTRY--TOPICAL TERM
Topical term or geographic name entry element Prime ministers
Geographic subdivision Pakistan
General subdivision General book
651 #0 - SUBJECT ADDED ENTRY--GEOGRAPHIC NAME
Geographic name Pakistan
General subdivision Politics and government.
856 42 - ELECTRONIC LOCATION AND ACCESS
Materials specified Publisher description
Uniform Resource Identifier <a href="http://www.loc.gov/catdir/enhancements/fy0637/91930760-d.html">http://www.loc.gov/catdir/enhancements/fy0637/91930760-d.html</a>
906 ## - LOCAL DATA ELEMENT F, LDF (RLIN)
a 7
b cbc
c orignew
d 3
e ncip
f 19
g y-gencatlg
942 ## - ADDED ENTRY ELEMENTS (KOHA)
Source of classification or shelving scheme
Koha item type Book
Holdings
Withdrawn status Lost status Source of classification or shelving scheme Damaged status Not for loan Permanent Location Current Location Shelving location Date acquired Total Checkouts Full call number Barcode Date last seen Price effective from Koha item type
          Pakistan Navy Engineering College (PNEC) Pakistan Navy Engineering College (PNEC)       954.9104092 IKR PNECLIB-015499 10/06/2015   Book
© 2023 Central Library, National University of Sciences and Technology. All Rights Reserved.